Evidenicia hovorov na pobočkovej ústredni Premier PAX 106

Uložené v:
Podrobná bibliografia
Hlavný autor: Pilip, Peter (Autor)
Ďalší autori: Medvecký, Martin, 1968- (Vedúci práce)
Médium: Rukopis Kniha
Jazyk:Slovak
Vydavateľské údaje: Bratislava : STU v Bratislave FEI, 2001
Predmet:
Tagy: Pridať tag
Žiadne tagy, Buďte prvý, kto otaguje tento záznam!

MARC

LEADER 00000ntm a22000003a 4500
001 stu73659
005 20160719164815.1
008 020205s2001------------------------slo-d
040 |a STU  |b slo 
041 0 |a slo 
100 1 |a Pilip, Peter  |4 aut 
245 1 |a Evidenicia hovorov na pobočkovej ústredni Premier PAX 106 
260 |a Bratislava :  |b STU v Bratislave FEI,  |c 2001 
300 |a 58 s 
650 7 |a informatika  |2 stusub 
700 1 |a Medvecký, Martin,  |d 1968-  |4 ths  |u E070  |U FEI Fakulta elektrotechniky a informatiky  |T FEI Ústav telekomunikácií  |X 1980  |U E070  |Y 818  |7 A000001980